Hobitti eli Sinne ja takaisin kaikki luvut suomeksi - Statistics

General Stats
  • This quiz has been taken 7 times
  • The average score is 8 of 19
Answer Stats
Hint Answer % Correct
1. odottamaton juhla
67%
6. ojasta allikkoon
67%
5. arvoituksia pimeässä
50%
8. hämähäkkejä
50%
14. tulta ja vettä
50%
9. tynnyrikyydillä tyrmästä
50%
4. vuoren alla ja päällä
50%
11. kuistilla
33%
7. kummallinen koti
33%
2. lammaspaistia
33%
10. lämmin vastaanotto
33%
3. lyhyt lepo
33%
18. paluumatka
33%
15. pilvet kerääntyvät
33%
17. pilvet repeävät
33%
13. poissa kotona
33%
12. sisäisiä tietoja
33%
16. varas yöllä
33%
19. viimeiset vaiheet
33%
No matching quizzes found
Score Distribution
Percent of People with Each Score
Percentile by Number Answered
Your Score History
You have not taken this quiz